000 01487nam a2200361Ia 4500
001 ebr10256553
003 CaPaEBR
006 m u
007 cr cn|||||||||
008 081104s2008 gw sb 001 0 eng d
010 _z 2008018243
020 _z9783110196290
040 _aCaPaEBR
_cCaPaEBR
035 _a(OCoLC)646769799
050 1 4 _aP299.Q3
_bH56 2008eb
082 0 4 _a415
_222
100 1 _aHinterwimmer, Stefan,
_d1972-
245 1 0 _aQ-adverbs as selective binders
_h[electronic resource] :
_bthe quantificational variability of free relatives and definite DPs /
_cby Stefan Hinterwimmer.
260 _aBerlin ;
_aNew York :
_bMouton de Gruyter,
_c2008.
300 _ax, 289 p.
490 1 _aInterface explorations ;
_v14
504 _aIncludes bibliographical references and index.
533 _aElectronic reproduction.
_bPalo Alto, Calif. :
_cebrary,
_d2011.
_nAvailable via World Wide Web.
_nAccess may be limited to ebrary affiliated libraries.
650 0 _aGrammar, Comparative and general
_xQuantifiers.
650 0 _aGrammar, Comparative and general
_xAdverbials.
650 0 _aDefiniteness (Linguistics)
650 0 _aGrammar, Comparative and general
_xRelative clauses.
650 0 _aSemantics.
655 7 _aElectronic books.
_2local
710 2 _aebrary, Inc.
830 0 _aInterface explorations ;
_v14.
856 4 0 _uhttp://site.ebrary.com/lib/rucke/Doc?id=10256553
_zAn electronic book accessible through the World Wide Web; click to view
999 _c31111
_d31111